000 01012nam a22003137a 4500
003 CHAP
005 20220329133801.0
008 120228s1986 uk r 00010 eng d
010 _a10839
011 _a11811
035 _a11188
040 _cCHAP
082 0 0 _a515
_bG41y
100 1 _aGill, Philip E.
_948013
245 1 0 _aPractical optimization
_c/ por Philip E. Gill, Walter Murray y Margaret H. Wright
260 _aLondres, UK. :
_bElsevier,
_cc1986
300 _a401 p.
590 _aBATCH-UPD
_b10
_c20130110
_lUCH01
_h1953
590 _aBATCH-UPD
_b10
_c20130409
_lUCH01
_h2326
590 _aBATCH-UPD
_b10
_c20130410
_lUCH01
_h1425
590 _aBATCH-UPD
_b10
_c20130914
_lUCH01
_h1546
590 _aCONVERSION
_b10
_c20130109
_lUCH01
_h1307
650 0 4 _aOptimización matemática.
_983385
700 1 _aMurray, Walter.
_979834
700 1 _aWright, Margaret H.
_9122809
901 _aBK
942 _cLIBRO
949 _a515 G41y
_bBC
_cLIBRO
_d33724002321397
_eLIBRO
_gI.260173
_h116347
_i11188
_sb
_t1,456.00
999 _c10839
_d10839